00335 a2200145 450000100060000002000150000604000240002110000230004524000330006824500280010130000070012936200090013644000130014565000310015869228 a8526256254 cAnchieta - Itaigara aDias, Ivonete Leal10aEnganei o bicho-papãolpor10aEnganei o bicho-papão a320 a2004 1aScipione 4aLiteratura infanto-juvenil